000 02214cam a22005294i 4500
003 PE-LiUPU
005 20250731184557.0
008 150706s r 000 0 d
020 _a8425454550
035 _a(Sirsi) i9788425454554
040 _aPE-LiUPU
_bspa
_cPE-LiUPU
_erda
049 _aPRUA
082 0 4 _a923.137
_bCh84
_221
100 1 _aChrist, Karl,
_eautor.
245 1 0 _aPompeyo /
_cKarl Christ.
264 1 _aBarcelona :
_bHerder,
_c2006.
300 _a207 páginas :
_bilustraciones, mapas, tablas ;
_c22 centímetros
336 _atext
_2rdacontent
337 _aunmediated
_2rdamedia
338 _avolume
_2rdacarrier
504 _aIncluye bibliografía.
505 0 _aEl derrumbe de la República Romana -- El padre -- A las órdenes de Sila -- Estratega del Senado -- Cónsul del año 70 a.C -- La guerra contra los piratas (67-66 a.C.) -- La guerra contra Mitrídates VI y el reordenamiento de Oriente -- Pompeyo de Siria y Judea -- El regreso. Problemas de política interior -- El primer triunvirato (60 a.C.) -- Entre César y el Senado -- Estallido de la guerra civil -- Las luchas en Italia y en la península Balcánica -- Repercusión -- Personalidad, familia e imperium.
526 _aP136
526 _aP135
526 _aP134
526 _aP133
526 _aP144
526 _aP143
526 _aP87
526 _aP35
526 _aP20
526 _aP14
526 _aP10
526 _aP06
541 _g007-0020481;
650 0 4 _aCónsul, Roma
_vBiografía.
650 0 4 _aGeneral
_zRoma
_vBiografía.
650 0 4 _aPompeyo
_bEl Grande
_c106-48 a.C.
650 0 4 _aRoma
_xHistoria
_yRepublica, 265-30 a.C.
700 1 _aBernet H. Robert,
_etr.
910 _agl
_bjv
_cjvm
_d20100318
942 _2ddc
_cBOOK
949 _a923.137 CH84
_wDEWEY
_c1
_i60898
_lCCODEBUL1
_mBUL
_p29.00
_r0
_sY
_tBOOK
_u2015-7-6
_xTEOLOGIA
_zUNKNOWN
_0COMPRA
_o.STAFF. Colección General
994 _aC0
_bPEPRU
596 _a1
999 _a923.137 CH84
_wDEWEY
_c50258
_i60898
_d50258
_f2021-11-11
_g5
_lCCODEBUL1
_mBUL
_p29.00
_q2
_r0
_sY
_tBOOK
_u2015-7-6
_xTEOLOGIA
_zUNKNOWN
_0COMPRA
_o.STAFF. Colección General
980 _81
_gALBERTO SANCHEZ Responsable de Automatización